[Event "Medellin Amateur op"]
[Site "Medellin"]
[Date "2011.04.24"]
[Round "8.6"]
[White "Restrepo Garces, Alejandro"]
[Black "Valencia, Dario"]
[Result "1/2-1/2"]
[WhiteElo "1600"]
[BlackElo "1712"]
[PlyCount "62"]
[EventDate "2011.04.20"]
[EventType "swiss"]
[EventRounds "9"]
[EventCountry "COL"]
[SourceTitle "EXT 2024"]
[Source "ChessBase"]
[SourceDate "2023.10.10"]
[SourceVersion "1"]
[SourceVersionDate "2023.10.10"]
[SourceQuality "1"]

1. d4 Nf6 2. Bg5 Ne4 3. Bf4 c6 4. Nd2 Nf6 5. e3 d6 6. Bd3 Nbd7 7. Ngf3 h6 8. e4 Nh5 9. Be3 Qc7 10. Qe2 Nhf6 11. 0-0 e5 12. c3 Be7 13. Ne1 Nb6 14. Nc4 Nxc4 15. Bxc4 Nxe4 16. dxe5 dxe5 17. f4 0-0 18. fxe5 Ng5 19. Nf3 Nxf3+ 20. Qxf3 Qxe5 21. Bxf7+ Kh8 22. Qe2 Bd6 23. g3 Bf5 24. Bh5 Bc5 25. Rae1 g6 26. Bf3 Rae8 27. Bxc5 Qxc5+ 28. Qf2 Qxf2+ 29. Kxf2 Be4 30. Re3 Bxf3 31. Rxf3 Rg8 1/2-1/2

[Event "Medellin Amateur op"]
[Site "Medellin"]
[Date "2011.04.23"]
[Round "6.12"]
[White "Restrepo Garces, Alejandro"]
[Black "Velez, Luis Fernando"]
[Result "1-0"]
[WhiteElo "1600"]
[BlackElo "1692"]
[PlyCount "58"]
[EventDate "2011.04.20"]
[EventType "swiss"]
[EventRounds "9"]
[EventCountry "COL"]
[SourceTitle "EXT 2024"]
[Source "ChessBase"]
[SourceDate "2023.10.10"]
[SourceVersion "1"]
[SourceVersionDate "2023.10.10"]
[SourceQuality "1"]

1. d4 d5 2. c4 c6 3. Nf3 Nf6 4. Qb3 e6 5. Nc3 Be7 6. Bg5 Nbd7 7. e3 h6 8. Bh4 0-0 9. Bd3 Re8 10. 0-0 a6 11. Rad1 dxc4 12. Bxc4 b5 13. Bd3 Bb7 14. Bb1 Qc7 15. Bg3 Bd6 16. Bxd6 Qxd6 17. Qc2 Qe7 18. Ne5 Nf8 19. Ne2 Rac8 20. Nf4 c5 21. Qe2 cxd4 22. Rxd4 Qc7 23. Nfd3 Ne4 24. Qh5 Nf6 25. Qh3 Ne4 26. Nf3 e5 27. Ndxe5 Rxe5 28. Nxe5 Ne6 29. Rd7 Qb6 1-0